Geography Quiz

Random Geography or City Quiz

Air Travel Corridors (US) Quiz Stats

 Plays Quiz Updated Nov 23, 2018

Support Sporcle.
Go Orange.
Score 0/20 Timer 06:00
1 Play Today
Rank Cities % Correct
6Los Angeles to New York
90.9%
4Chicago to New York
85.4%
15Boston to New York
66.2%
1Miami to New York
66.2%
10Chicago to Los Angeles
64.9%
5Atlanta to New York
61.7%
2Los Angeles to San Francisco
50.5%
11New York to San Francisco
47.8%
17Los Angeles to Seattle
37.3%
14Dallas to Los Angeles
33.7%
Rank Cities % Correct
8Las Vegas to Los Angeles
33.3%
3Atlanta to Miami
31.8%
16Denver to Los Angeles
29%
12Dallas to Houston
27.3%
20Chicago to Denver
26.2%
9Los Angeles to Phoenix
25.6%
7New York to Orlando
23.3%
18Atlanta to Washington D.C.
18.5%
19Las Vegas to San Francisco
12.3%
13Atlanta to Orlando
11.1%

From the Vault

Exclamation!

by PumpkinBomb

These folks were really excited when coming up with the names of these.
Remove Ads.
Support Sporcle.
Get the best of Sporcle when you Go Orange. This ad-free experience offers more features, more stats, and more fun while also helping to support Sporcle. Thank you for becoming a member.

Show Comments

Extras

Top Quizzes Today


Score Distribution

Your Account Isn't Verified!

In order to create a playlist on Sporcle, you need to verify the email address you used during registration. Go to your Sporcle Settings to finish the process.

Report this User

Report this user for behavior that violates our Community Guidelines.

Details: